Quiz sur le Bouddhisme - Statistiques

Statistiques générales
  • Ce quiz a été pris 179 fois
    178 depuis la dernière actualisation
  • Le résultat moyen est 9 sur 15
Statistiques - réponses
Question Réponse % Correct
Quel est le fondateur du bouddhisme ? Siddhartha Gautama
92%
Quelle pratique est essentielle dans le bouddhisme pour atteindre l’éveil ? La méditation
89%
Quel est le but ultime des bouddhistes ? Atteindre le Nirvana
88%
Quelle était la religion de Bouddha auparavant ? Hindouisme
86%
Quel est, en sanskrit, le nom de famille de Bouddha ? Gautama
76%
Quelle est la signification du terme "Bouddha" ? L'éveillé
76%
Le bouddhisme est apparu : En Inde au Ve siècle
63%
Dans quelle partie de l'Inde le bouddhisme mahāyāna est-il tout d'abord apparu ? Nord
57%
Dans quels pays se retrouvent les plus grandes communautés bouddhistes ? Chine, Thaïlande, Viêt Nam
53%
Combien de dents compte-t-on sur le corps de Bouddha ? 40
48%
Combien de vérités fondamentales contient le bouddhisme ? 4
45%
Le guide spirituel des bouddhistes est le Dalaï-Lama. Faux
36%
Quel est le texte sacré principal du bouddhisme Theravāda ? Le Tripitaka
36%
Où se trouve le lieu de naissance de Siddhartha Gautama ? Lumbini, Népal
25%
Quelle est la langue dans laquelle les premiers enseignements bouddhistes ont été écrits ? Pali
23%
Aucun quiz correspondant
Distribution des résultats
% des personnes avec chaque résultat
Percentile par nombre de réponses
Votre historique - résultats
Vous n’avez pas pris ce quiz depuis la dernière actualisation